Logo BPK

Biblioteka

Politechniki Koszalińskiej

Teorija raketnych dvigateli / (Rekord nr 8717)

Szczegóły MARC
000 -ETYKIETA REKORDU
podpole kontrolne o stałej długości 00442nam a2200181 i 4500
001 - NUMER KONTROLNY REKORDU
pole kontrolne bg
040 ## - ŹRÓDŁO KATALOGOWANIA
Instytucja, która utworzyła rekord BPK
041 ## - KOD JĘZYKA
Kod języka tekstu pol
080 ## - UNIWERSALNA KLASYFIKACJA DZIESIĘTNA - UKD
UKD 621.13
008 - POLE O STAŁEJ DŁUGOŚCI - DANE KONTROLNE
podpole kontrolne o stałej długości s pl f |000 0 pol
100 1# - NAZWA OSOBOWA
Nazwa osobowa ALEMASOV, V. E.
245 #0 - TYTUŁ/ODPOWIEDZIALNOŚĆ
Tytuł Teorija raketnych dvigateli /
Pozostałe elementy strefy tytułu i oznaczenia odpowiedzialności V.E. Alemasov, A. F. Dregalin, A. P. Tišin.
250 ## - STREFA WYDANIA
Oznaczenie wydania Izd.2.
260 ## - STREFA ADRESU WYDAWNICZEGO
Miejsce wydania Moskva,
Data publikacji, dystrybucji/powstania dokumentu 1969.
700 1# - HASŁO DODATKOWE - NAZWA OSOBOWA
Nazwa osobowa DREGALIN, A. F.
700 1# - HASŁO DODATKOWE - NAZWA OSOBOWA
Nazwa osobowa TISIN, A. P.
856 ## - LOKALIZACJA I DOSTĘP DO ELEKTRONICZNYCH DOKUMENTÓW ZDALNYCH
Link (URL) http://koha.tu.koszalin.pl/cgi-bin/koha/opac-detail.pl?biblionumber=8717
Tekst linku Katalog online BPK
942 ## - DODATKOWE ELEMENTY (KOHA)
Typ dokumentu Książka
Egzemplarze
Wycofany Status egzemplarza Uszkodzony Dostępność Lokalizacja stała Lokalizacja bieżąca Miejsce przechowywania Sygnatura Kod kreskowy Typ dokumentu
      Dostępny Biblioteka Politechniki Koszalińskiej Biblioteka Politechniki Koszalińskiej Wypożyczalnia BG 8189 01770834 Książka
© 2023 Biblioteka Politechniki Koszalińskiej :: KOHA